000 00698nam a2200241 i 4500
001 C2-0320511
003 PPAK
005 20180728115954.0
008 130103s2009 io |||| ||||| | may d
020 _a9799482879
040 _aPPAK
_beng
_cPPAK
_erda
082 0 4 _a297.382
_223
090 0 0 _a297.382
_bTAF
_dBC
245 0 0 _aTafsir doa Kumayl :
_bberguru kepada Nabi Khidhir
264 1 _aBandong, Indonesia :
_bPenerbit Marja ,
_c2009
300 _a360 pages ;
_c25 cm
336 _2rdacontent
_atext
337 _2rdamedia
_aunmediated
338 _2rdacarrier
_avolume
500 _aBahan diharamkan ; Ditempatkan di Unit Koleksi Kedah.
650 1 0 _aPrayer (Islam).
942 _ddc
_cB
999 _c121178
_d121178